Driving us crazy (Record no. 75823)

MARC details
000 -LEADER
fixed length control field 01000cab a2200181 4500
001 - CONTROL NUMBER
control field L130839
008 - FIXED-LENGTH DATA ELEMENTS--GENERAL INFORMATION
fixed length control field 050905n2005 000 0 eng u
035 ## - SYSTEM CONTROL NUMBER
System control number (Sirsi) u130839
041 0# - LANGUAGE CODE
Language code of text/sound track or separate title eng
100 1# - MAIN ENTRY--PERSONAL NAME
Personal name Lane, Thomas
245 00 - TITLE STATEMENT
Title Driving us crazy
260 ## - PUBLICATION, DISTRIBUTION, ETC.
Date of publication, distribution, etc. 2005
490 #0 - SERIES STATEMENT
Series statement Building
Volume/sequential designation 270(8396) 2 September 2005, 48-50(3)
520 ## - SUMMARY, ETC.
Summary, etc. Discusses the report, "Improving construction logistics", published by the Construction Project Association. The report claims that site workers waste 10% of their time waiting for or collecting materials with the construction industry losing up to £3bn a year because of poor logistical planning. The report also claims that poor logistical planning is a cause of low-quality buildings, health and safety lapses and the industry's negative public image. Includes case studies looking at ways the industry can improve logistics, its public image and environmental impact.
590 ## - LOCAL NOTE (RLIN)
Local note IKA130905
690 ## - LOCAL SUBJECT ADDED ENTRY--TOPICAL TERM (OCLC, RLIN)
Topical term or geographic name as entry element Project management
9 (RLIN) 6261
942 ## - ADDED ENTRY ELEMENTS (KOHA)
Suppress in OPAC 0
Holdings
Withdrawn status Lost status Source of classification or shelving scheme Damaged status Not for loan Home library Current library Shelving location Date acquired Total Checkouts Full call number Barcode Date last seen Copy number Price effective from Koha item type
    Dewey Decimal Classification     London London Journal article 05/09/2005   L130839 130839-1001 06/08/2019 1 06/08/2019 Journal article